[Event "10th EUR-ch (w)"]
[Site "Sankt Petersburg RUS"]
[Date "2009.03.12"]
[Round "5"]
[White "Matveeva, Svetlana"]
[Black "Tomilova, Elena"]
[Result "0-1"]
[WhiteElo "2422"]
[BlackElo "2300"]
[EventDate "2009.03.08"]
[PlyCount "122"]

1.d4 d5 2.c4 c6 3.Nc3 dxc4 4.e4 b5 5.a4 b4 6.Nce2 Nf6 7.Ng3 e6 8.Bxc4 a5 
9.Nf3 Be7 10.O-O O-O 11.Qe2 Nbd7 12.Be3 Bb7 13.Rfd1 Qb8 14.Rac1 c5 15.Bb5 
cxd4 16.Nxd4 Ne5 17.f4 Neg4 18.Nc6 Bxc6 19.Bxc6 Nxe3 20.Qxe3 Ng4 21.Qd2 
Rd8 22.Bxa8 Rxd2 23.Rxd2 Qxa8 24.h3 Qa7+ 25.Kh1 Qe3 26.Nf1 Nf2+ 27.Kg1 
Nxh3+ 28.Kh2 Qxf4+ 29.g3 Qh6 30.Rc8+ Bf8 31.Kg2 Ng5 32.Rdd8 Qh3+ 33.Kg1 h5
34.Rxf8+ Kh7 35.Rh8+ Kg6 36.Rc5 Qg4 37.Rxa5 Qe2 38.Rxg5+ Kxg5 39.a5 Qxb2 
40.a6 Qa2 41.Rb8 b3 42.Rb7 g6 43.a7 Kg4 44.Rxb3 Qxa7+ 45.Re3 Qa2 46.Nh2+ 
Kg5 47.Nf3+ Kh6 48.e5 g5 49.Ne1 Qd2 50.Ng2 Kg6 51.Kh2 Qf2 52.Re1 Kg7 53.
Re3 Kf8 54.Rb3 Ke7 55.Rb7+ Kd8 56.Rb3 Ke7 57.Rb7+ Kd8 58.Rb8+ Kd7 59.Rh8 
Qf3 60.Rg8 Qf5 61.Rh8 h4 0-1

[Event "10th EUR-ch (w)"]
[Site "Sankt Petersburg RUS"]
[Date "2009.03.12"]
[Round "5"]
[White "Turova, Irina"]
[Black "Guramishvili, Sopiko"]
[Result "1/2-1/2"]
[WhiteElo "2379"]
[BlackElo "2281"]
[EventDate "2009.03.08"]
[PlyCount "63"]

1.d4 d5 2.c4 c6 3.Nc3 dxc4 4.e4 b5 5.a4 b4 6.Na2 e6 7.Bxc4 Nf6 8.e5 Nd5 9.
Nf3 a5 10.Bg5 Qb6 11.O-O Ba6 12.Qe2 h6 13.Bd2 Be7 14.Nc1 Bxc4 15.Qxc4 Nd7 
16.Nd3 O-O 17.Rac1 Rfc8 18.Nc5 Qa7 19.Rfe1 N5b6 20.Qc2 Nxc5 21.dxc5 Nd7 
22.Be3 Rd8 23.h3 Rac8 24.Red1 Nb8 25.Rxd8+ Rxd8 26.Nd2 Rd5 27.f4 Nd7 28.
Ne4 Qa6 29.Rd1 Rxd1+ 30.Qxd1 Qc4 31.Nd6 Bxd6 32.Qxd6 1/2-1/2

[Event "10th EUR-ch (w)"]
[Site "Sankt Petersburg RUS"]
[Date "2009.03.12"]
[Round "5"]
[White "Andriasian, Siranush"]
[Black "Cherednichenko, Svetlana"]
[Result "0-1"]
[WhiteElo "2262"]
[BlackElo "2367"]
[EventDate "2009.03.08"]
[PlyCount "110"]

1.e4 d6 2.d4 Nf6 3.Nc3 g6 4.Be3 Bg7 5.Qd2 O-O 6.Nf3 c6 7.Bd3 b5 8.a4 b4 9.
Ne2 a5 10.h3 Nbd7 11.Ng3 Qc7 12.O-O c5 13.c4 cxd4 14.Nxd4 Nc5 15.b3 Bb7 
16.Qc2 h5 17.Nb5 Qc6 18.f3 Nfd7 19.Rad1 Ne5 20.Be2 h4 21.Nh1 f5 22.Nd4 Qc8
23.exf5 gxf5 24.Bf2 Ng6 25.Bd3 Nxd3 26.Qxd3 Be5 27.Be3 Kh7 28.Qe2 Rg8 29.
Rf2 f4 30.Bc1 Qf8 31.Qc2 Qf6 32.Rfd2 Kh6 33.Nf2 Kh7 34.Ne4 Bxd4+ 35.Rxd4 
Qf5 36.Kf1 Raf8 37.Bb2 Ne5 38.Qf2 Qh5 39.c5 Ba6+ 40.Ke1 Rxg2 41.Qxg2 Rg8 
42.Qc2 Rg1+ 43.Kd2 Rg2+ 44.Kc1 Rxc2+ 45.Kxc2 Nxf3 46.cxd6 Nxd4+ 47.Rxd4 
Qe2+ 48.Nd2 exd6 49.Rxd6 f3 50.Rd7+ Kg8 51.Rd4 f2 52.Rg4+ Kf7 53.Rf4+ Ke8 
54.Bc1 Bd3+ 55.Kb2 Qe5+ 0-1

[Event "10th EUR-ch (w)"]
[Site "Sankt Petersburg RUS"]
[Date "2009.03.12"]
[Round "5"]
[White "Malgina, Tatiana"]
[Black "Cherenkova, Kristina"]
[Result "1/2-1/2"]
[WhiteElo "2342"]
[BlackElo "2270"]
[EventDate "2009.03.08"]
[PlyCount "71"]

1.d4 Nf6 2.c4 g6 3.Nc3 Bg7 4.e4 d6 5.Nf3 Bg4 6.Be2 O-O 7.Be3 Nfd7 8.Nd2 
Bxe2 9.Nxe2 c5 10.O-O Nc6 11.Nb3 cxd4 12.Nbxd4 Nde5 13.Rc1 Qa5 14.a3 Ng4 
15.Nxc6 bxc6 16.Bd4 Bxd4 17.Nxd4 Qe5 18.Qxg4 Qxd4 19.Qe2 Rfb8 20.b4 a5 21.
Rfd1 Qb6 22.c5 dxc5 23.bxc5 Qb5 24.Qxb5 Rxb5 25.Rd7 Rab8 26.g3 Rb1 27.Rxb1
Rxb1+ 28.Kg2 Rc1 29.Rxe7 Rxc5 30.Rc7 Rc3 31.a4 Rc4 32.e5 Kf8 33.f4 Rxa4 
34.Rxc6 Ra2+ 35.Kh3 h5 36.Ra6 1/2-1/2

[Event "10th EUR-ch (w)"]
[Site "Sankt Petersburg RUS"]
[Date "2009.03.12"]
[Round "5"]
[White "Vasilevich, Irina"]
[Black "Ivakhinova, Inna"]
[Result "1-0"]
[WhiteElo "2340"]
[BlackElo "2225"]
[EventDate "2009.03.08"]
[PlyCount "73"]

1.e4 c5 2.Nc3 d6 3.d4 cxd4 4.Qxd4 a6 5.Bg5 Nc6 6.Qd2 h6 7.Bh4 Nf6 8.Bxf6 
gxf6 9.f4 Bd7 10.Nf3 e6 11.Bd3 Qb6 12.O-O-O O-O-O 13.Kb1 Kb8 14.f5 Be7 15.
Ne2 Qc5 16.Nf4 Rhg8 17.Rhf1 Ne5 18.Be2 Nxf3 19.Rxf3 Rc8 20.Rb3 Ka8 21.Bh5 
Rg7 22.Bxf7 Rxf7 23.fxe6 Bxe6 24.Nxe6 Qe5 25.Qd5 Bf8 26.Rb6 Ka7 27.Rb4 Rd7
28.g3 Re8 29.Nf4 Rg7 30.a3 Ka8 31.Qb3 Ka7 32.Nd5 f5 33.exf5 Qxf5 34.Rf4 
Qd7 35.Nf6 Qe6 36.Nxe8 Qxe8 37.Rdf1 1-0

[Event "10th EUR-ch (w)"]
[Site "Sankt Petersburg RUS"]
[Date "2009.03.12"]
[Round "5"]
[White "Kostiukova, Liubov"]
[Black "Severiukhina, Zoya"]
[Result "1/2-1/2"]
[WhiteElo "2235"]
[BlackElo "2327"]
[EventDate "2009.03.08"]
[PlyCount "112"]

1.d4 Nf6 2.Nf3 g6 3.g3 Bg7 4.Bg2 O-O 5.O-O d6 6.a4 a5 7.c3 Nbd7 8.Nbd2 c6 
9.Re1 Qc7 10.b3 Re8 11.Ba3 e5 12.dxe5 dxe5 13.Nc4 Ne4 14.Qc2 f5 15.Red1 
Ndc5 16.Ng5 Nxg5 17.Bxc5 Be6 18.Bb6 Qe7 19.Nd6 Reb8 20.c4 Nf7 21.c5 e4 22.
Rab1 Ne5 23.f3 exf3 24.exf3 f4 25.gxf4 Nd7 26.Bc7 Rf8 27.Ne4 Qh4 28.Qf2 
Rxf4 29.Qxh4 Rxh4 30.Rd6 Bf5 31.Rbd1 Bxe4 32.Rxd7 Bf5 33.Rd8+ Rxd8 34.
Rxd8+ Kf7 35.f4 Be6 36.Rb8 Bd4+ 37.Kh1 Bxc5 38.Rxb7 Bc8 39.Rb8 Be6 40.Bxc6
Rh3 41.Kg2 Rc3 42.h4 Bd4 43.Be8+ Kf6 44.Be5+ Bxe5 45.fxe5+ Kxe5 46.b4 Kf4 
47.bxa5 Rc2+ 48.Kf1 Ke3 49.Rb1 Bc4+ 50.Kg1 Bd5 51.Ra1 Rg2+ 52.Kf1 Rf2+ 53.
Kg1 Rg2+ 54.Kf1 Rf2+ 55.Kg1 Rg2+ 56.Kf1 Rf2+ 1/2-1/2

[Event "10th EUR-ch (w)"]
[Site "Sankt Petersburg RUS"]
[Date "2009.03.12"]
[Round "5"]
[White "Zhukova, Natalia"]
[Black "Arabidze, Meri"]
[Result "1/2-1/2"]
[WhiteElo "2490"]
[BlackElo "2246"]
[EventDate "2009.03.08"]
[PlyCount "216"]

1.d4 Nf6 2.c4 e6 3.Nf3 b6 4.g3 Ba6 5.Qc2 c5 6.d5 exd5 7.cxd5 g6 8.Nc3 Bg7 
9.e4 Bxf1 10.Kxf1 d6 11.Kg2 O-O 12.h3 Na6 13.Bf4 Nh5 14.Bg5 Qd7 15.Rhe1 b5
16.Rad1 Nb4 17.Qe2 c4 18.g4 Nf6 19.e5 Rfe8 20.Bxf6 Bxf6 21.Ne4 Bg7 22.Nxd6
Nd3 23.Rxd3 cxd3 24.Qxd3 Red8 25.Qxb5 Bxe5 26.Qxd7 Rxd7 27.Nc4 Bf4 28.Re4 
g5 29.d6 f6 30.h4 h6 31.Nd4 Bxd6 32.Nxd6 Rxd6 33.Nf5 Rd2 34.Rb4 gxh4 35.
Nxh4 a5 36.Rb7 Rd4 37.Nf5 Rxg4+ 38.Kf3 Rb4 39.Nxh6+ Kh8 40.Rf7 Rxb2 41.Ng4
Rab8 42.Ra7 R8b5 43.Ke3 Rxa2 44.Nxf6 Rb3+ 45.Ke4 Rh3 46.f4 a4 47.Kf5 a3 
48.Ke6 Rb2 49.Ra8+ Kg7 50.Rg8+ Kh6 51.Rh8+ Kg6 52.f5+ Kg5 53.Rxh3 Re2+ 54.
Kf7 a2 55.Ra3 Kxf5 56.Nd5 Ke5 57.Nb4 Rf2+ 58.Ke7 Rh2 59.Nxa2 Rh7+ 60.Kf8 
Rb7 61.Nc3 Kf6 62.Ne4+ Ke5 63.Nc5 Rh7 64.Ra5 Kd6 65.Ne4+ Kc6 66.Ng5 Rb7 
67.Nf7 Rb1 68.Ke7 Re1+ 69.Ne5+ Kb6 70.Rd5 Rh1 71.Nd7+ Kc6 72.Rc5+ Kb7 73.
Ke6 Rh6+ 74.Nf6 Kb6 75.Rc1 Kb5 76.Ke5 Rh2 77.Ne4 Kb6 78.Nf6 Re2+ 79.Kd6 
Kb5 80.Nd5 Rh2 81.Rc5+ Ka4 82.Rc3 Kb5 83.Rc5+ Ka4 84.Rc4+ Kb3 85.Rb4+ Kc2 
86.Kc5 Rh8 87.Rg4 Rc8+ 88.Kd4 Ra8 89.Rg2+ Kb3 90.Rg7 Kc2 91.Ne3+ Kd2 92.
Rg2+ Ke1 93.Rb2 Rd8+ 94.Nd5 Kf1 95.Ke4 Re8+ 96.Kf3 Rf8+ 97.Nf4 Ke1 98.Ra2 
Kd1 99.Ke3 Re8+ 100.Kd4 Rd8+ 101.Nd5 Ke1 102.Rh2 Kf1 103.Ke4 Re8+ 104.Kf3 
Rf8+ 105.Nf4 Ke1 106.Ra2 Kd1 107.Ke3 Re8+ 108.Kf3 Rf8 1/2-1/2

[Event "10th EUR-ch (w)"]
[Site "Sankt Petersburg RUS"]
[Date "2009.03.12"]
[Round "5"]
[White "Eidelson, Rakhil"]
[Black "Muzychuk, Maria"]
[Result "0-1"]
[WhiteElo "2225"]
[BlackElo "2427"]
[EventDate "2009.03.08"]
[PlyCount "67"]

1.Nf3 f5 2.g3 Nf6 3.Bg2 g6 4.O-O Bg7 5.d4 O-O 6.c3 d6 7.Nbd2 Nc6 8.Re1 e5 
9.dxe5 dxe5 10.Qb3+ Kh8 11.e4 f4 12.Nc4 Nh5 13.Qd1 Qf6 14.b4 b5 15.Ncd2 g5
16.a4 g4 17.axb5 Ne7 18.Rf1 fxg3 19.fxg3 gxf3 20.Nxf3 Qb6+ 21.Kh1 Bg4 22.
Bg5 Ng6 23.Qe2 c6 24.bxc6 Qxc6 25.Qe3 a6 26.Ra5 Rac8 27.Rc1 Qe6 28.Kg1 Rc6
29.Nd2 Bh3 30.Bf3 Nf6 31.Rc5 Rxc5 32.Qxc5 Ng4 33.Bxg4 Qxg4 34.Qe3 0-1

[Event "10th EUR-ch (w)"]
[Site "Sankt Petersburg RUS"]
[Date "2009.03.12"]
[Round "5"]
[White "Peptan, Corina-Isabela"]
[Black "Mamedyarova, Turkan"]
[Result "1-0"]
[WhiteElo "2401"]
[BlackElo "2245"]
[EventDate "2009.03.08"]
[PlyCount "147"]

1.e4 e5 2.Nf3 Nc6 3.Bb5 a6 4.Ba4 Nf6 5.O-O Be7 6.Re1 b5 7.Bb3 d6 8.c3 O-O 
9.h3 Na5 10.Bc2 c5 11.d4 Qc7 12.Nbd2 cxd4 13.cxd4 Bd7 14.Nf1 Rac8 15.Bd3 
Nc6 16.Be3 Qb7 17.Ng3 Bd8 18.a3 Bb6 19.d5 Nb8 20.Bg5 Bd8 21.Nh4 Ne8 22.
Bxd8 Rxd8 23.Qd2 Qb6 24.Rac1 f6 25.Nhf5 Rf7 26.Be2 Kh8 27.Bg4 g6 28.Nh6 
Re7 29.Be6 Bxe6 30.dxe6 Rxe6 31.Qd5 Ng7 32.Nf7+ Kg8 33.Nxd8 Qxd8 34.Qb7 
Re7 35.Rc8 Rxb7 36.Rxd8+ Kf7 37.Rxd6 Ne8 38.Rd3 Nd7 39.Rc1 Ke7 40.b3 Nc7 
41.Ne2 Ne6 42.b4 Nb6 43.Rc6 Nd8 44.Rc2 Ne6 45.h4 Nc4 46.f3 Ra7 47.a4 Nb6 
48.a5 Nc4 49.Kf2 f5 50.Rd5 Ra8 51.exf5 gxf5 52.Rxc4 bxc4 53.Rxe5 Kf6 54.
Rd5 Rb8 55.Rd6 Ke5 56.Rb6 Ra8 57.g3 Nd4 58.Nc3 f4 59.gxf4+ Kxf4 60.Rd6 Nb5
61.Rc6 Ke5 62.Rxc4 Nd6 63.Rc5+ Ke6 64.Nd5 Rf8 65.Ke2 Nf5 66.Nc7+ Kd6 67.
Nxa6 Nxh4 68.Nc7 Nxf3 69.Nb5+ Ke6 70.a6 Ne5 71.a7 Nd7 72.Rc6+ Kd5 73.Ra6 
Kc4 74.Nc7 1-0

[Event "10th EUR-ch (w)"]
[Site "Sankt Petersburg RUS"]
[Date "2009.03.12"]
[Round "5"]
[White "Calzetta Ruiz, Monica"]
[Black "Kouvatsou, Maria"]
[Result "1-0"]
[WhiteElo "2371"]
[BlackElo "2208"]
[EventDate "2009.03.08"]
[PlyCount "73"]

1.e4 e5 2.Nf3 Nc6 3.Bb5 a6 4.Ba4 Nf6 5.Qe2 b5 6.Bb3 Be7 7.O-O d6 8.a4 Rb8 
9.axb5 axb5 10.Nc3 Bg4 11.Nxb5 O-O 12.c4 Nh5 13.d3 Rxb5 14.cxb5 Nd4 15.
Nxd4 Bxe2 16.Nxe2 Qb8 17.Bc4 Nf6 18.Nc3 h6 19.Ra6 Nd7 20.Nd5 Bg5 21.Bxg5 
hxg5 22.Rc6 g6 23.Nxc7 Kg7 24.Ra1 Nb6 25.g3 Rh8 26.Bb3 Qb7 27.Ra6 Nd7 28.
Bc4 Nc5 29.Rab6 Qa7 30.Na6 Nxa6 31.bxa6 Rb8 32.Rxb8 Qxb8 33.b4 Qxb4 34.Rc7
Qe1+ 35.Kg2 g4 36.Rxf7+ Kh6 37.a7 1-0

[Event "10th EUR-ch (w)"]
[Site "Sankt Petersburg RUS"]
[Date "2009.03.12"]
[Round "5"]
[White "Paulet, Iozefina"]
[Black "Zainullina, Natalia"]
[Result "1-0"]
[WhiteElo "2315"]
[BlackElo "2173"]
[EventDate "2009.03.08"]
[PlyCount "57"]

1.f4 d5 2.Nf3 Bg4 3.Ne5 Bf5 4.d3 e6 5.g3 Nd7 6.Nxd7 Qxd7 7.Bg2 Nf6 8.e3 c6
9.O-O Be7 10.Nd2 Qc7 11.h3 h6 12.Qe1 O-O-O 13.e4 dxe4 14.dxe4 Bh7 15.c3 
Rd7 16.Nc4 Bc5+ 17.Kh2 Re8 18.b4 Bf8 19.Be3 Kb8 20.Bd4 Ka8 21.Qe3 b6 22.a4
Qd8 23.a5 b5 24.Ne5 c5 25.bxc5 Rc7 26.a6 Qc8 27.Nd3 Nd7 28.e5+ Kb8 29.Qf3 
1-0

[Event "10th EUR-ch (w)"]
[Site "Sankt Petersburg RUS"]
[Date "2009.03.12"]
[Round "5"]
[White "Kharashuta, Ekaterina"]
[Black "Kazimova, Narmin"]
[Result "0-1"]
[WhiteElo "2304"]
[BlackElo "2165"]
[EventDate "2009.03.08"]
[PlyCount "78"]

1.g3 e6 2.Bg2 Nf6 3.c4 d5 4.Nf3 dxc4 5.Ne5 c6 6.Qc2 Qc7 7.Nxc4 b5 8.Ne3 
Bb7 9.a4 b4 10.a5 c5 11.O-O Bxg2 12.Kxg2 Be7 13.d3 Nc6 14.Nd2 Nxa5 15.f3 
O-O 16.g4 Nd5 17.Ne4 Nc6 18.Nc4 Nf4+ 19.Bxf4 Qxf4 20.e3 Qc7 21.Ncd2 Qb6 
22.Rfc1 Ne5 23.Nb3 c4 24.dxc4 Qxe3 25.Rf1 f5 26.gxf5 Rxf5 27.Nbd2 Bh4 28.
Ng3 Bxg3 29.hxg3 Nd3 30.Ne4 Raf8 31.Qd1 Nxb2 32.Qd7 Rxf3 33.Rae1 Qd3 34.
Qxe6+ Kh8 35.Rh1 Qc2+ 36.Kh3 Nd3 37.Kg4 Nxe1 38.Rxe1 Qh2 39.Rd1 Qe2 0-1

[Event "10th EUR-ch (w)"]
[Site "Sankt Petersburg RUS"]
[Date "2009.03.12"]
[Round "5"]
[White "Dolzhikova, Kateryna"]
[Black "Jinova, Lucie"]
[Result "1-0"]
[WhiteElo "2294"]
[BlackElo "2131"]
[EventDate "2009.03.08"]
[PlyCount "143"]

1.e4 e6 2.d4 d5 3.Nc3 Nf6 4.e5 Nfd7 5.f4 c5 6.Nf3 Nc6 7.Be3 cxd4 8.Nxd4 
Bb4 9.a3 Bxc3+ 10.bxc3 Qe7 11.Bd3 Nc5 12.O-O Nxd3 13.cxd3 Bd7 14.Nb5 O-O 
15.a4 f6 16.Bc1 fxe5 17.Ba3 Qh4 18.Bxf8 Rxf8 19.fxe5 Rxf1+ 20.Qxf1 Nxe5 
21.Nd6 Qe7 22.Nxb7 Bc8 23.d4 Bxb7 24.dxe5 Qc5+ 25.Qf2 Qc6 26.Qd4 h6 27.Rb1
Ba6 28.h4 Qc7 29.Rb2 Bc4 30.Rf2 Qd7 31.Qg4 Bd3 32.Qb4 Qd8 33.g3 Bf5 34.Kh2
Qc7 35.Qd4 h5 36.Rb2 Kh7 37.Rb4 Be4 38.Rb2 Qd7 39.a5 Qc7 40.a6 Qa5 41.Qxa7
Qa1 42.Rg2 Bxg2 43.Kxg2 Qa2+ 44.Kf3 Qc4 45.Qb6 Qd3+ 46.Kf2 Qd2+ 47.Kf1 
Qd1+ 48.Kg2 Qe2+ 49.Qf2 Qxa6 50.Qf3 Kh6 51.g4 Qc4 52.g5+ Kg6 53.Kg3 Qc5 
54.Qd3+ Kf7 55.g6+ Ke7 56.Qd4 Qa3 57.Qe3 Kd7 58.Kf4 Kc6 59.Kg5 Qb3 60.Qd3 
Qa4 61.Kxh5 Qa1 62.Qd4 Qf1 63.Qa4+ Kc5 64.Qa7+ Kb5 65.Qxg7 Kc4 66.Qf7 Qe2+
67.Kh6 Qxe5 68.g7 Qe3+ 69.Kh5 Qe2+ 70.Kg5 Qe5+ 71.Kg4 Qe2+ 72.Qf3 1-0

[Event "10th EUR-ch (w)"]
[Site "Sankt Petersburg RUS"]
[Date "2009.03.12"]
[Round "5"]
[White "Komiagina, Maria"]
[Black "Yakovich, Yulia"]
[Result "1-0"]
[WhiteElo "2283"]
[BlackElo "2125"]
[EventDate "2009.03.08"]
[PlyCount "67"]

1.e4 e5 2.Nf3 Nc6 3.Bb5 a6 4.Ba4 Nf6 5.O-O Nxe4 6.d4 b5 7.Bb3 d5 8.dxe5 
Be6 9.Be3 Be7 10.Nbd2 Nc5 11.c3 Nd3 12.Rb1 Ndxe5 13.Nxe5 Nxe5 14.Bd4 f6 
15.Bxe5 fxe5 16.Qh5+ Bf7 17.Qxe5 O-O 18.Nf3 Bf6 19.Qe3 Re8 20.Qd2 c6 21.
Nd4 c5 22.Nf5 Qd7 23.Qf4 Be5 24.Qf3 Rad8 25.Rbd1 Be6 26.Rfe1 Qc7 27.g3 c4 
28.Bc2 Rf8 29.Qh5 Bxf5 30.Bxf5 Rfe8 31.Bxh7+ Kf8 32.Bg6 Re6 33.Re3 Ke7 34.
Rde1 1-0

[Event "10th EUR-ch (w)"]
[Site "Sankt Petersburg RUS"]
[Date "2009.03.12"]
[Round "5"]
[White "Stiazhkina, Olga"]
[Black "Kushka, Alena"]
[Result "1/2-1/2"]
[WhiteElo "2280"]
[BlackElo "2124"]
[EventDate "2009.03.08"]
[PlyCount "78"]

1.e4 c5 2.Nf3 Nc6 3.d4 cxd4 4.Nxd4 Qb6 5.Nb3 Nf6 6.Nc3 e6 7.Qe2 Bb4 8.Bd2 
O-O 9.a3 Be7 10.O-O-O Qc7 11.g4 a6 12.h4 b5 13.g5 Ne8 14.h5 f5 15.Nd5 exd5
16.exd5 Ne5 17.f4 Bd6 18.fxe5 Bxe5 19.d6 Bxd6 20.Bg2 Bb7 21.Ba5 Qc8 22.h6 
g6 23.Rxd6 Bxg2 24.Qe5 Bxh1 25.Bc3 Kf7 26.Rf6+ Nxf6 27.Qxf6+ Ke8 28.Qe5+ 
Kf7 29.Qf6+ Ke8 30.Qe5+ Kf7 31.Bb4 Qd8 32.Qg7+ Ke6 33.Nc5+ Kd5 34.Nxd7 
Qxg5+ 35.Kb1 Qg1+ 36.Ka2 Qd4 37.Nxf8 Qc4+ 38.Kb1 Qf1+ 39.Ka2 Qc4+ 1/2-1/2

[Event "10th EUR-ch (w)"]
[Site "Sankt Petersburg RUS"]
[Date "2009.03.12"]
[Round "5"]
[White "Lomako, Anna"]
[Black "Gorbatenko, Kateryna"]
[Result "1-0"]
[WhiteElo "2277"]
[BlackElo "2071"]
[EventDate "2009.03.08"]
[PlyCount "87"]

1.e4 c5 2.Nc3 g6 3.f4 Bg7 4.Nf3 Nc6 5.Bb5 Nd4 6.Nxd4 cxd4 7.Ne2 e6 8.O-O 
Qb6 9.Bd3 Nf6 10.Kh1 d5 11.e5 Nd7 12.b4 f6 13.exf6 Bxf6 14.a4 a5 15.bxa5 
Rxa5 16.Ba3 Rxa4 17.f5 e5 18.fxg6 Qa5 19.Nxd4 Rxa3 20.Rxa3 Qxa3 21.g7 exd4
22.Qh5+ Kd8 23.gxh8=Q+ Bxh8 24.Qxh7 Be5 25.Qg8+ Kc7 26.Qxd5 Kb8 27.Bf5 Qa6
28.d3 Qh6 29.h3 Qg5 30.Qf3 Bd6 31.Rb1 Kc7 32.Rf1 Ne5 33.Qe4 Qg3 34.Bxc8 
Kxc8 35.Qf4 Qxf4 36.Rxf4 Nxd3 37.Rf6 Be7 38.Rf7 Nb4 39.Rxe7 Nxc2 40.Kg1 b5
41.Re5 d3 42.Rxb5 Ne3 43.Rb2 Nc4 44.Rb3 1-0

[Event "10th EUR-ch (w)"]
[Site "Sankt Petersburg RUS"]
[Date "2009.03.12"]
[Round "5"]
[White "Minina, Veronika"]
[Black "Kursova, Maria"]
[Result "0-1"]
[WhiteElo "2125"]
[BlackElo "2268"]
[EventDate "2009.03.08"]
[PlyCount "170"]

1.Nf3 c5 2.c4 Nc6 3.g3 e5 4.d3 g6 5.Bg2 Bg7 6.O-O Nge7 7.Nc3 d6 8.a3 O-O 
9.Rb1 a5 10.Ne1 Be6 11.Nc2 d5 12.b3 h6 13.Bd2 d4 14.Nb5 Qd7 15.b4 b6 16.
Re1 a4 17.e3 g5 18.exd4 cxd4 19.c5 Bd5 20.Nd6 Bxg2 21.Kxg2 bxc5 22.bxc5 
Na5 23.Rb5 Nb3 24.Bb4 Ra6 25.Rb7 Qe6 26.Qf3 g4 27.Qe4 Nd5 28.Nf5 Nf6 29.
Ne7+ Qxe7 30.Rxe7 Nxe4 31.Rxe4 f5 32.Re1 Rc6 33.Ra7 Nxc5 34.Bxc5 Rxc5 35.
Nb4 Re8 36.Rxa4 e4 37.Ra6 Kf8 38.Rd6 Ra5 39.Rb6 exd3 40.Rxe8+ Kxe8 41.Nxd3
Rxa3 42.Nf4 Ra7 43.Re6+ Re7 44.Ra6 Rd7 45.Nd3 Kf7 46.Kf1 Rc7 47.Rd6 Bf6 
48.Rd5 Rc3 49.Nf4 Rc1+ 50.Kg2 Ke7 51.Rxf5 Bg5 52.Re5+ Kf6 53.Re4 Rd1 54.
Ne6 d3 55.Nxg5 Kxg5 56.Re5+ Kf6 57.Rd5 Ke6 58.Rd8 Ke5 59.h3 h5 60.hxg4 
hxg4 61.f4+ Ke4 62.Kf2 Rd2+ 63.Ke1 Re2+ 64.Kd1 Rg2 65.Re8+ Kf3 66.Rd8 Rxg3
67.f5 Ke3 68.Re8+ Kf2 69.Rg8 Ke3 70.Re8+ Kd4 71.f6 Rf3 72.Kd2 Rf2+ 73.Ke1 
Rxf6 74.Rd8+ Ke3 75.Re8+ Kf3 76.Rd8 Re6+ 77.Kf1 Ke3 78.Ke1 g3 79.Rg8 Kf3+ 
80.Kd2 Rd6 81.Rf8+ Kg2 82.Ra8 Kf2 83.Rf8+ Kg1 84.Rg8 g2 85.Rg7 Rf6 0-1

[Event "10th EUR-ch (w)"]
[Site "Sankt Petersburg RUS"]
[Date "2009.03.12"]
[Round "5"]
[White "Samigullina, Diana"]
[Black "Makropoulou, Marina"]
[Result "0-1"]
[WhiteElo "2084"]
[BlackElo "2262"]
[EventDate "2009.03.08"]
[PlyCount "88"]

1.d4 g6 2.Nf3 Bg7 3.c3 Nf6 4.Bf4 d6 5.h3 O-O 6.e3 Nfd7 7.Bc4 Nb6 8.Bb3 Nc6
9.a4 Qe8 10.a5 Nd7 11.O-O e5 12.Bh2 Kh8 13.c4 e4 14.Nfd2 f5 15.Nc3 Nf6 16.
c5 dxc5 17.Nb5 Qe7 18.Nxc7 Rb8 19.Nb5 a6 20.Bd6 Qd8 21.Bxf8 Bxf8 22.Nc3 
cxd4 23.exd4 Nxd4 24.Bc4 b5 25.axb6 Qxb6 26.b3 Bb7 27.Na4 Qd6 28.Re1 Rd8 
29.Nf1 Qe5 30.Nb2 f4 31.Bxa6 Ba8 32.Nc4 Qg5 33.Kh1 e3 34.f3 Nh5 35.Ra5 Qf6
36.Qa1 Bb4 37.Rb1 e2 38.Nfd2 Ng3+ 39.Kh2 Bxa5 40.Qxa5 Nc2 41.Ne5 Rd5 42.
Bb5 Rxe5 43.Qxa8+ Kg7 44.Qa7+ Re7 0-1

[Event "10th EUR-ch (w)"]
[Site "Sankt Petersburg RUS"]
[Date "2009.03.12"]
[Round "5"]
[White "Tarasova, Viktoria"]
[Black "Lomakina, Galia"]
[Result "1-0"]
[WhiteElo "2257"]
[BlackElo "2058"]
[EventDate "2009.03.08"]
[PlyCount "151"]

1.d4 d6 2.Nf3 Nf6 3.c4 g6 4.Nc3 Bg7 5.e4 O-O 6.Be2 Nbd7 7.Be3 e5 8.O-O c6 
9.Qc2 Re8 10.Rad1 a5 11.h3 Qc7 12.Rfe1 exd4 13.Bxd4 Ne5 14.c5 Nxf3+ 15.
Bxf3 dxc5 16.Bxc5 Nd7 17.Bd6 Qd8 18.Be2 Qh4 19.Bg3 Qg5 20.Bg4 Nf6 21.f4 
Qc5+ 22.Bf2 Qe7 23.Bf3 h6 24.Na4 Nd7 25.Bg4 h5 26.Bxd7 Bxd7 27.Bc5 Qh4 28.
Bf2 Qe7 29.Nb6 Rad8 30.Nc4 Be6 31.e5 Qb4 32.Nd6 Rf8 33.f5 Bxa2 34.Bc5 Qb3 
35.Qc1 b6 36.Bf2 c5 37.f6 Bh8 38.e6 fxe6 39.f7+ Kh7 40.Bh4 Rxd6 41.Rxd6 
Rxf7 42.Rexe6 Qxb2 43.Qxb2 Bxb2 44.Re2 Bd4+ 45.Rxd4 cxd4 46.Rxa2 Rd7 47.
Kf2 Kg7 48.Ke2 Kf7 49.Kd3 Ke6 50.Rb2 Rb7 51.Bd8 b5 52.Bxa5 Kd5 53.Rb4 Kc6 
54.Rxd4 Rf7 55.Bb4 Rf6 56.Ke4 g5 57.Ke5 Rf2 58.Rd6+ Kb7 59.Rd2 Rf7 60.Bd6 
Kb6 61.Rc2 Rf1 62.Bc5+ Kb7 63.Rf2 Rc1 64.Ba3 Rc4 65.Be7 g4 66.Rf4 Rc7 67.
Bd6 Rg7 68.hxg4 hxg4 69.Kf6 Rg8 70.Kf7 Rg5 71.Be7 Re5 72.Rxg4 Re2 73.Rg5 
Kc6 74.g4 Kd7 75.Rd5+ Kc6 76.Rd4 1-0

[Event "10th EUR-ch (w)"]
[Site "Sankt Petersburg RUS"]
[Date "2009.03.12"]
[Round "5"]
[White "Ziaziulkina, Nastassia"]
[Black "Fakhiridou, Ekaterini"]
[Result "1/2-1/2"]
[WhiteElo "1950"]
[BlackElo "2257"]
[EventDate "2009.03.08"]
[PlyCount "210"]

1.e4 c5 2.Nf3 Nf6 3.Nc3 d5 4.Bb5+ Bd7 5.Bxd7+ Qxd7 6.exd5 Nxd5 7.O-O Nc6 
8.Re1 e6 9.Ne4 Be7 10.d3 h6 11.Be3 Nxe3 12.fxe3 O-O-O 13.Qe2 f5 14.Nc3 g5 
15.d4 Bf6 16.Rad1 g4 17.Ne5 Bxe5 18.dxe5 Qc7 19.Rd6 Rde8 20.Nb5 Qg7 21.
Rdd1 Re7 22.Nd6+ Kb8 23.Qb5 Nxe5 24.Kh1 Rd7 25.Qxc5 Rhd8 26.Rd2 b6 27.Qa3 
Nc4 28.Nxc4 Rxd2 29.Nxd2 Rxd2 30.c3 Qd7 31.Qb3 Qc6 32.Rg1 h5 33.Qb4 Qd7 
34.e4 h4 35.exf5 exf5 36.Qf4+ Kb7 37.h3 gxh3 38.Qf3+ Ka6 39.Qxh3 Rxb2 40.
Qxh4 Qd5 41.Qa4+ Kb7 42.a3 Re2 43.Qh4 Qe4 44.Qd8 Rd2 45.Qg5 Qg4 46.Qxg4 
fxg4 47.Kh2 Rd3 48.Rc1 Kc6 49.a4 Kc5 50.c4 Rd4 51.Kg3 a5 52.Rb1 Rxc4 53.
Ra1 Rb4 54.Ra3 Rb2 55.Re3 Rc2 56.Re5+ Kd6 57.Rb5 Kc6 58.Rb1 Rc4 59.Ra1 Rc2
60.Re1 Rc4 61.Ra1 Kd5 62.Ra2 Ke5 63.Ra3 Kf5 64.Rb3 Rb4 65.Ra3 Kg5 66.Rd3 
Rxa4 67.Rd5+ Kf6 68.Rd6+ Kf5 69.Rxb6 Ra3+ 70.Kf2 g3+ 71.Ke2 Ke4 72.Re6+ 
Kd5 73.Ra6 Kc4 74.Rc6+ Kb5 75.Rc8 Rb3 76.Rb8+ Kc4 77.Ra8 Kb4 78.Ra7 Rc3 
79.Kd2 Ra3 80.Ke2 Kc3 81.Kf3 Kc2+ 82.Ke2 Kb2 83.Kd2 a4 84.Ke2 Kc2 85.Ra8 
Kb3 86.Rb8+ Kc4 87.Ra8 Ra1 88.Kf3 Ra3+ 89.Ke2 Kd4 90.Ra7 Ke4 91.Re7+ Kd5 
92.Ra7 Kc5 93.Ra8 Kb6 94.Rb8+ Ka7 95.Rb4 Ka6 96.Rg4 Kb5 97.Rg5+ Kc6 98.
Rg6+ Kd5 99.Ra6 Ke4 100.Re6+ Kf4 101.Rf6+ Kg4 102.Rg6+ Kh4 103.Rh6+ Kg5 
104.Ra6 Ra1 105.Kf3 Ra3+ 1/2-1/2

[Event "10th EUR-ch (w)"]
[Site "Sankt Petersburg RUS"]
[Date "2009.03.12"]
[Round "5"]
[White "Petrukhina, Irina"]
[Black "Molchanova, Tatiana"]
[Result "0-1"]
[WhiteElo "1905"]
[BlackElo "2319"]
[EventDate "2009.03.08"]
[PlyCount "104"]

1.d4 Nf6 2.c4 e6 3.Nc3 Bb4 4.Qc2 d5 5.cxd5 exd5 6.Bg5 c5 7.Nf3 Nbd7 8.e3 
Qa5 9.Bd3 c4 10.Bf5 O-O 11.O-O Re8 12.Rfc1 g6 13.Bxd7 Nxd7 14.Ne2 Bf8 15.
Qc3 Qa6 16.a4 Nf6 17.Ng3 h6 18.Bf4 Be6 19.b4 b6 20.h4 Qb7 21.Ne5 Rac8 22.
b5 Nh7 23.Ne2 Qe7 24.Bg3 Nf6 25.f3 Bg7 26.a5 Nh5 27.Nc6 Rxc6 28.bxc6 Nxg3 
29.Nxg3 b5 30.Rcb1 a6 31.h5 Qc7 32.Kf2 Qxc6 33.hxg6 fxg6 34.Ne2 Bf8 35.Nf4
Bf7 36.Rh1 b4 37.Qb2 g5 38.Ne2 Qe6 39.Qc2 Bg6 40.Rhe1 Qf5 41.Qd2 Qc2 42.
Qxc2 Bxc2 43.Rec1 Bd3 44.Rd1 Bg6 45.Rdc1 b3 46.Nc3 b2 47.Nxd5 bxa1=Q 48.
Rxa1 Rd8 49.Nb6 Bd3 50.d5 c3 51.Ke1 Bc5 52.e4 Be3 0-1

[Event "10th EUR-ch (w)"]
[Site "Sankt Petersburg RUS"]
[Date "2009.03.12"]
[Round "5"]
[White "Butuc, Maria"]
[Black "Berzina, Ilze"]
[Result "1/2-1/2"]
[WhiteElo "2182"]
[BlackElo "2308"]
[EventDate "2009.03.08"]
[PlyCount "75"]

1.Nf3 d5 2.d4 c6 3.c4 e6 4.e3 Bd6 5.Bd3 f5 6.O-O Nf6 7.b3 O-O 8.Ba3 Bxa3 
9.Nxa3 Qe7 10.Qc1 Ne4 11.Ne5 Nd7 12.Nxd7 Bxd7 13.f3 Nf6 14.Qb2 Rae8 15.Nc2
Kh8 16.cxd5 exd5 17.b4 Qd6 18.a4 f4 19.exf4 Qxf4 20.Qc1 Qh4 21.Qd2 Nh5 22.
g3 Qf6 23.Kg2 Bf5 24.Bxf5 Qxf5 25.Rae1 Rxe1 26.Nxe1 Nf6 27.Qd3 Qg5 28.Nc2 
Re8 29.Qd1 Qf5 30.Re1 Rxe1 31.Nxe1 Qe6 32.Qd2 Nd7 33.a5 h6 34.Nd3 Kh7 35.
Nf4 Qf5 36.Nd3 Qe6 37.Nf4 Qf5 38.Nd3 1/2-1/2

[Event "10th EUR-ch (w)"]
[Site "Sankt Petersburg RUS"]
[Date "2009.03.12"]
[Round "5"]
[White "Hairapetian, Anna"]
[Black "Chasovnikova, Eugenia"]
[Result "0-1"]
[WhiteElo "2177"]
[BlackElo "2302"]
[EventDate "2009.03.08"]
[PlyCount "102"]

1.e4 c6 2.d4 d5 3.e5 Bf5 4.Nf3 e6 5.Be2 Ne7 6.O-O Nd7 7.b3 c5 8.dxc5 Nc6 
9.Be3 Nxc5 10.Nd4 Bg6 11.Bb5 Qc7 12.h4 h5 13.Nc3 a6 14.Bxc6+ bxc6 15.Nce2 
Nd7 16.Nf4 Nxe5 17.Re1 Bd6 18.c4 O-O 19.Nxg6 Nxg6 20.Qxh5 Bb4 21.Rec1 Ba3 
22.Rc2 Qe5 23.Qxe5 Nxe5 24.c5 Rfc8 25.Bf4 Nd3 26.Bd6 Bb2 27.Rxb2 Nxb2 28.
Rb1 Nd3 29.Rd1 e5 30.Nf5 e4 31.Ne7+ Kh7 32.Nxc8 Rxc8 33.Kf1 f5 34.g3 Kg6 
35.Ke2 Kf6 36.f3 Ke6 37.fxe4 fxe4 38.Ke3 Ne5 39.Rh1 Rh8 40.Rf1 Nf3 41.Kf4 
d4 42.Rh1 Kd5 43.h5 Rh6 44.g4 Rf6+ 45.Kg3 e3 46.Bf4 Ke4 47.h6 gxh6 48.Bxh6
e2 49.g5 Nxg5 50.Bg7 Rf1 51.Rh4+ Kf5 0-1